00445nam a2200145Ia 4500003000400000008004100004040001600045082001600061100002200077245010300099260005100202300001000253650001400263650002200277GCL140319s9999 xx 000 0 eng d aGCL / cGCL04a891.73bD U1 aDALTON, ELIZABETH10aUNCONSCIOUS STRUCTURE IN THE IDIOT: A STUDY IN LITERATURE AND PSYCHOANALYSIS / cDALTON, ELIZABETH a[S.N] : bPRINCETON UNIVERSITY PRESS ، c1979 a236 P04aSTRUCTURE04aDOSTOEVSKY, F. M.